Edwin Muir / (Record no. 17993)
[ view plain ]
| 000 -LEADER | |
|---|---|
| fixed length control field | 00719cam a22002651 4500 |
| 001 - CONTROL NUMBER | |
| control field | 17993 |
| 003 - CONTROL NUMBER IDENTIFIER | |
| rucl marc code | BD-RjUL |
| 005 - DATE AND TIME OF LATEST TRANSACTION | |
| control field | 20211209000225.0 |
| 008 - FIXED-LENGTH DATA ELEMENTS--GENERAL INFORMATION | |
| fixed length control field | 140219s1962 e 000 0 eng |
| 035 ## - SYSTEM CONTROL NUMBER | |
| System control number | (BD-RjUL)18051 |
| System control number | (OCoLC)368390 |
| 040 ## - CATALOGING SOURCE | |
| Original cataloging agency | DLC |
| Transcribing agency | ODaWU |
| Modifying agency | DLC |
| -- | BD-RjUL |
| Language of cataloging | eng |
| 041 ## - LANGUAGE CODE | |
| Language code of text/sound track or separate title | eng |
| 082 04 - DEWEY DECIMAL CLASSIFICATION NUMBER | |
| Edition number | 20 |
| Classification number | 821.9 |
| Author mark and year | BUE 1962 |
| 100 1# - MAIN ENTRY--PERSONAL NAME | |
| Personal name | Butter, Peter H. |
| 9 (RLIN) | 55464 |
| 245 10 - TITLE STATEMENT | |
| Title | Edwin Muir / |
| Statement of responsibility, etc. | P. H. Butter. |
| 260 ## - PUBLICATION, DISTRIBUTION, ETC. (IMPRINT) | |
| Place of publication, distribution, etc. | London : |
| Name of publisher, distributor, etc. | Oliver and boyd, |
| Date of publication, distribution, etc. | c1962. |
| 300 ## - PHYSICAL DESCRIPTION | |
| Pagination | 120 p. ; |
| Size | 21 cm. |
| 490 0# - SERIES STATEMENT | |
| Series statement | Evergreen pilot books |
| 504 ## - BIBLIOGRAPHY, ETC. NOTE | |
| Bibliography, etc | Includes bibliography. |
| 600 10 - SUBJECT ADDED ENTRY--PERSONAL NAME | |
| Personal name | Muir, Edwin, |
| Dates associated with a name | 1887-1959. |
| 942 ## - ADDED ENTRY ELEMENTS (KOHA) | |
| Source of classification or shelving scheme | Dewey Decimal Classification |
| Koha item type | Books |
| Lost status | Source of classification or shelving scheme | Damaged status | Not for loan | Collection code | Permanent Location | Current Location | Shelving location | Date acquired | Source of acquisition | Cost, normal purchase price | Total Checkouts | Full call number | Date last seen | Copy number | Koha item type |
|---|---|---|---|---|---|---|---|---|---|---|---|---|---|---|---|
| Dewey Decimal Classification | Not For Loan | Non-fiction | Central Library, University of Rajshahi | Central Library, University of Rajshahi | Reading Room | 13/04/1964 | Zeitlinger | 5.00 | 821.9 BUE 1962 | 19/02/2014 | C-1 | Books |